000 00540 a2200205 4500
005 20260116151307.0
008 260116b |||||||| |||| 00| 0 eng d
020 _a978036789732
_c£ 42.99
040 _aMAIN
082 _a338.4791
_bC421E
100 _aChen, Yong
110 _aChen, Yong
245 _aEconomics of tourism and hospitality: A micro approach
260 _bRoutledge
_c2021
_aLondon
300 _axxviii, 386
650 _aHospitality Industry
650 _aTourism
650 _aMicroeconomics
942 _cBK
999 _c395691
_d395691